[Event "Skopje op-A"]
[Site "Skopje"]
[Date "2024.12.15"]
[Round "7"]
[White "Bregu, Riza"]
[Black "Simsek, Ayaz"]
[Result "1-0"]
[WhiteElo "2128"]
[BlackElo "1889"]
[PlyCount "69"]
[EventDate "2024.12.11"]
[EventType "swiss"]
[EventRounds "9"]
[EventCountry "MKD"]
[SourceTitle "CB52_2024"]
[SourceDate "2024.12.25"]
[SourceVersion "1"]
[SourceVersionDate "2024.12.25"]
[SourceQuality "1"]

1. e4 e6 2. b3 d5 3. Bb2 Nc6 4. d3 dxe4 5. a3 Nf6 6. Nc3 exd3 7. Bxd3 Bd6 8. Nf3 0-0 9. Qe2 Qe7 10. g4 Nxg4 11. h3 Nge5 12. Rg1 Nxf3+ 13. Qxf3 Ne5 14. Bxh7+ Kxh7 15. Qh5+ Kg8 16. 0-0-0 Ng6 17. Ne4 Bf4+ 18. Kb1 e5 19. Ng5 Bxg5 20. Rxg5 Qf6 21. Rdg1 Re8 22. Qe2 Qf4 23. Bc1 Qh4 24. f4 Qxh3 25. Qe4 Qh4 26. Rh1 Bh3 27. Qf3 exf4 28. Rgg1 Ne5 29. Qc3 f3 30. Bg5 Qh5 31. Rg3 f6 32. Bxf6 Qf5 33. Rxg7+ Kh8 34. Rxh3+ Qxh3 35. Rg3+ 1-0

[Event "Skopje op-A"]
[Site "Skopje"]
[Date "2024.12.14"]
[Round "4"]
[White "Simsek, Ayaz"]
[Black "Hristovski, Srdzan"]
[Result "1/2-1/2"]
[WhiteElo "1889"]
[BlackElo "2029"]
[PlyCount "118"]
[EventDate "2024.12.11"]
[EventType "swiss"]
[EventRounds "9"]
[EventCountry "MKD"]
[SourceTitle "CB52_2024"]
[SourceDate "2024.12.25"]
[SourceVersion "1"]
[SourceVersionDate "2024.12.25"]
[SourceQuality "1"]

1. e4 Nf6 2. e5 Nd5 3. d4 d6 4. Nf3 Bg4 5. Be2 e6 6. 0-0 Be7 7. c4 Nb6 8. h3 Bh5 9. Nc3 0-0 10. Be3 dxe5 11. Nxe5 Bxe2 12. Qxe2 N8d7 13. Rad1 c6 14. Bf4 Nxe5 15. dxe5 Qc7 16. Ne4 Nd7 17. Nd6 Bxd6 18. Rxd6 Rfe8 19. Rfd1 Nf8 20. h4 Rad8 21. h5 Rxd6 22. exd6 Qd7 23. h6 f6 24. hxg7 Qxg7 25. Qe3 b6 26. Bh6 Qf7 27. d7 Rd8 28. Bxf8 Kxf8 29. Qa3+ Qe7 30. Qxa7 Qc5 31. a3 Ke7 32. b4 Qxc4 33. Qxb6 Rxd7 34. Re1 e5 35. Qe3 Rd4 36. Qh6 Qc2 37. Qc1 Rd2 38. Qxc2 Rxc2 39. Re3 Kd6 40. Rd3+ Ke6 41. g3 c5 42. bxc5 Rxc5 43. Kg2 f5 44. Rb3 e4 45. a4 Ra5 46. Rb4 Kd5 47. Kh3 Kc5 48. Rb5+ Rxb5 49. axb5 Kxb5 50. Kh4 h6 51. Kh5 Kc4 52. Kg6 Kd3 53. Kxf5 e3 54. fxe3 Kxe3 55. Kg4 Kf2 56. Kh4 Kf3 57. g4 Kf4 58. Kh5 Kf3 59. Kxh6 Kxg4 1/2-1/2

[Event "Skopje op-A"]
[Site "Skopje"]
[Date "2024.12.13"]
[Round "3"]
[White "Nikanova, Ekaterina"]
[Black "Simsek, Ayaz"]
[Result "1/2-1/2"]
[WhiteElo "2063"]
[BlackElo "1889"]
[PlyCount "118"]
[EventDate "2024.12.11"]
[EventType "swiss"]
[EventRounds "9"]
[EventCountry "MKD"]
[SourceTitle "CB52_2024"]
[SourceDate "2024.12.25"]
[SourceVersion "1"]
[SourceVersionDate "2024.12.25"]
[SourceQuality "1"]

1. e4 e6 2. d4 d5 3. Nc3 Nf6 4. e5 Nfd7 5. f4 c5 6. Nf3 Nc6 7. Be3 Be7 8. Qd2 a6 9. a3 0-0 10. dxc5 Nxc5 11. 0-0-0 b5 12. Nd4 Bd7 13. Nxc6 Bxc6 14. h4 Qa5 15. Kb1 Kh8 16. Ne2 Qxd2 17. Bxd2 Ne4 18. Be1 Bd7 19. Nc3 Nxc3+ 20. Bxc3 a5 21. b4 axb4 22. Bxb4 Bxb4 23. axb4 Ra4 24. c3 Rfa8 25. Kc2 Ra2+ 26. Kd3 Rf2 27. Ke3 Raa2 28. Rh3 Rfc2 29. Kd4 Ra3 30. Rhd3 Ra8 31. R3d2 Rxd2+ 32. Rxd2 Kg8 33. Rc2 Kf8 34. Bd3 Ke7 35. Kc5 h6 36. g4 h5 37. gxh5 Rh8 38. Rg2 Rxh5 39. Bxb5 Rxh4 40. Bxd7 Kxd7 41. Rxg7 Rxf4 42. Kb6 Rf5 43. b5 Rxe5 44. Rxf7+ Kd6 45. Rc7 Re1 46. Rc6+ Kd7 47. Kb7 e5 48. Rc7+ Kd6 49. Rc6+ Kd7 50. Rc7+ Kd6 51. b6 d4 52. cxd4 exd4 53. Rc6+ Kd5 54. Rc8 d3 55. Rd8+ Kc4 56. Kc8 Rb1 57. b7 Kc3 58. b8Q Rxb8+ 59. Kxb8 d2 1/2-1/2

[Event "Skopje op-A"]
[Site "Skopje"]
[Date "2024.12.12"]
[Round "2"]
[White "Simsek, Ayaz"]
[Black "Popovic, Milan S"]
[Result "0-1"]
[WhiteElo "1889"]
[BlackElo "2342"]
[PlyCount "128"]
[EventDate "2024.12.11"]
[EventType "swiss"]
[EventRounds "9"]
[EventCountry "MKD"]
[SourceTitle "CB52_2024"]
[SourceDate "2024.12.25"]
[SourceVersion "1"]
[SourceVersionDate "2024.12.25"]
[SourceQuality "1"]

1. e4 d6 2. d4 Nf6 3. Nc3 Nbd7 4. Nf3 e5 5. dxe5 dxe5 6. Bc4 Bc5 7. 0-0 0-0 8. Bg5 c6 9. a4 a5 10. Qb1 h6 11. Bh4 Qe7 12. Qa2 Nb6 13. Bb3 Bg4 14. Ne1 g5 15. Bg3 Nh5 16. Nd3 Bd4 17. Kh1 Rad8 18. f3 Nxg3+ 19. hxg3 Bc8 20. Ne2 Be3 21. g4 h5 22. Ng3 hxg4 23. fxg4 Bxg4 24. Nf5 Bxf5 25. Rxf5 Kg7 26. g3 f6 27. Raf1 Nc8 28. R5f3 Ba7 29. Be6 Nd6 30. Bf5 Rh8+ 31. Kg2 Rh6 32. Nf2 Bxf2 33. R1xf2 Rdh8 34. Kf1 Rh2 35. Qb3 Rxf2+ 36. Rxf2 Qf7 37. Rd2 Qxb3 38. cxb3 Rd8 39. Ke2 Nf7 40. Rxd8 Nxd8 41. Bc8 b6 42. Kd3 Kf8 43. b4 axb4 44. Kc4 Ke7 45. Kxb4 Kd6 46. Bf5 Nb7 47. Ka3 c5 48. b4 cxb4+ 49. Kxb4 Kc7 50. Be6 Nd6 51. Bd5 f5 52. exf5 Nxf5 53. g4 Nd6 54. a5 bxa5+ 55. Kxa5 Ne8 56. Kb5 Nf6 57. Bf3 Kd6 58. Kc4 e4 59. Bd1 Ke5 60. Be2 Kf4 61. Kd4 Nxg4 62. Bd1 Ne3 63. Ba4 g4 64. Bc6 Nf5+ 0-1

[Event "TUR-chT 2nd League"]
[Site "Denizli"]
[Date "2024.07.19"]
[Round "6.3"]
[White "Simsek, Ayaz"]
[Black "Bilir, Ibrahim"]
[Result "1-0"]
[WhiteElo "1825"]
[BlackElo "1763"]
[PlyCount "106"]
[EventDate "2024.07.15"]
[EventType "team-swiss"]
[EventRounds "9"]
[EventCountry "TUR"]
[SourceTitle "EXT 2025"]
[Source "ChessBase"]
[SourceDate "2024.10.14"]
[SourceVersion "1"]
[SourceVersionDate "2024.10.14"]
[SourceQuality "1"]
[WhiteTeam "Ankara DSI Genclik"]
[BlackTeam "Manisa Turkuaz"]
[WhiteTeamCountry "TUR"]
[BlackTeamCountry "TUR"]

1. e4 c5 2. c3 d5 3. exd5 Qxd5 4. d4 Nc6 5. Nf3 cxd4 6. cxd4 e5 7. Nc3 Bb4 8. Be2 Nf6 9. 0-0 Bxc3 10. bxc3 exd4 11. Ba3 Bf5 12. Nxd4 0-0-0 13. Qa4 Nxd4 14. cxd4 Kb8 15. Bc5 b6 16. Bb5 Be4 17. f3 Bf5 18. Bc6 Bd7 19. Bxb6 a5 20. Bxd7 Rxd7 21. Bc5 Rb7 22. Qxa5 Rc8 23. Rfb1 Rcc7 24. Qa7+ Kc8 25. Rxb7 Qxb7 26. Qxb7+ Kxb7 27. Re1 Nd5 28. a4 Nc3 29. Ra1 Ka6 30. Kf2 Ka5 31. Rc1 Nxa4 32. Bb4+ Kb6 33. Ba5+ Kxa5 34. Rxc7 g6 35. Rxf7 h5 36. Ra7+ Kb5 37. Rxa4 Kxa4 38. Ke3 Kb5 39. Kf4 Kc6 40. Kg5 Kd5 41. Kxg6 h4 42. Kg5 Kxd4 43. Kxh4 Ke5 44. Kg5 Ke6 45. h4 Kf7 46. h5 Kg7 47. h6+ Kh7 48. Kh5 Kh8 49. g4 Kg8 50. g5 Kh8 51. g6 Kg8 52. h7+ Kh8 53. f4 Kg7 1-0

[Event "TUR-ch U20"]
[Site "Samsun"]
[Date "2023.05.20"]
[Round "3"]
[White "Gungor, Cihan Akif"]
[Black "Simsek, Ayaz"]
[Result "1-0"]
[WhiteElo "1771"]
[BlackElo "1474"]
[PlyCount "85"]
[EventDate "2023.05.19"]
[EventType "swiss"]
[EventRounds "9"]
[EventCountry "TUR"]
[SourceTitle "CBM 214 Extra"]
[Source "ChessBase"]
[SourceDate "2023.07.31"]
[SourceVersion "1"]
[SourceVersionDate "2023.07.31"]
[SourceQuality "1"]

1. e4 e6 2. d4 d5 3. e5 c5 4. c3 Nc6 5. Nf3 Qb6 6. Na3 f6 7. exf6 Nxf6 8. Nc2 Bd6 9. Bd3 0-0 10. 0-0 e5 11. dxe5 Nxe5 12. Nxe5 Bxe5 13. h3 Bd7 14. Ne3 Rae8 15. Nxd5 Nxd5 16. Bc4 Kh8 17. Bxd5 Qg6 18. f4 Bc7 19. Qf3 b5 20. Be3 Bb6 21. Rae1 Qc2 22. Rf2 Qd3 23. Rd2 Rxe3 24. Rxd3 Rxd3 25. Qxd3 c4+ 26. Qe3 Re8 27. Qxb6 Rxe1+ 28. Kf2 axb6 29. Kxe1 g6 30. Kf2 Kg7 31. Ke3 Kf6 32. Ke4 h6 33. h4 Be8 34. g4 Bd7 35. g5+ hxg5 36. hxg5+ Ke7 37. Ke5 Be8 38. Be4 Bf7 39. Bc6 b4 40. cxb4 c3 41. bxc3 Bxa2 42. Bd5 Bb1 43. Be4 1-0